El belén : expresión de un arte colectivo /

Estudios, profusamente ilustrados, sobre los nacimientos, pesebres o belenes, representaciones del nacimiento de Jesucristo cuyos orígenes se remontan al año 1223 y a la figura de san Francisco de Asís. Esta costumbre piadosa se extendió por varios países de Europa -posteriormente, también de Améric...

Description complète

Enregistré dans:
Détails bibliographiques
Auteur principal: Alcolea i Gil, Santiago (autor)
Autres auteurs: García de Castro Márquez, Carmelo (autor) (autor), García de Castro Márquez, Emilio (autor) (autor), Cortés, Joaquín (fotógrafo) (fotógrafo)
Format: Livre
Langue:espagnol
Publié: Barcelona, España : Lunwerg, 2001, c2001
Sujets:
Tags: Ajouter un tag
Pas de tags, Soyez le premier à ajouter un tag!

MARC

LEADER 00000nam^a2200000^a^4500
001 000145380
005 20250521000000.0
009 20260310095832.68
020 |a 84-7782-648-X 
037 |a Acervo ITESO - Biblioteca 
041 |a ESP 
082 |a 745. 50940  |b ALC 
100 |a Alcolea i Gil, Santiago  |e (autor) 
245 1 3 |a El belén :  |b expresión de un arte colectivo /  |c S. Alcolea i Gil, C. García de Castro Márquez, E. García de Castro Márquez ; fotografía de J. Cortés. 
264 4 |a Barcelona, España :  |b Lunwerg,  |c 2001, c2001 
300 |a 204 p. 
336 |a texto  |b txt  |2 rdacontenido 
337 |a sin mediación  |b n  |2 rdamedio 
338 |a volumen  |b nc  |2 rdasoporte 
520 |a Estudios, profusamente ilustrados, sobre los nacimientos, pesebres o belenes, representaciones del nacimiento de Jesucristo cuyos orígenes se remontan al año 1223 y a la figura de san Francisco de Asís. Esta costumbre piadosa se extendió por varios países de Europa -posteriormente, también de América- y alcanzó desarrollo pleno durante la segunda mitad del siglo XVII y sobre todo, a lo largo del siglo XVIII, cuando alcanzan su apogeo los que se realizaron en el núcleo artístico del reino de Nápoles. 
546 |a Edición bilingüe español-inglés 
649 |a XX 
650 |a Nacimientos (Pesebres) -  |z Nápoles, Italia -  |x Historia 
650 |a Nacimientos (Pesebres) -  |z España -  |x Historia 
650 |a Navidad 
650 |a Fiestas Religiosas 
650 |a Prácticas Culturales 
650 |a Artesanía -  |z Nápoles, Italia -  |x Historia 
650 |a Arte Popular -  |z España -  |x Historia y Crítica 
650 |a Arte y Simbolismo Cristianos 
650 |a Arte Religioso 
650 |a Arte Italiano -  |x Historia y Crítica 
650 |a Arte Español -  |x Historia y Crítica 
700 |a García de Castro Márquez, Carmelo  |e (autor) 
700 |a García de Castro Márquez, Emilio  |e (autor) 
700 |a Cortés, Joaquín  |e (fotógrafo) 
910 |a Fondo General 
920 |a Impresos - Libros 
930 |a Reserva Especial 
905 |a 103 
901 |a 0500074811  |b IT1  |c REE  |u 20250521 
902 |a https://opac.biblio.iteso.mx/vufind/Record/000145380